000 00380nam a2200157Ia 4500
008 240729s9999 xx 000 0 und d
022 _a2542-4653
245 0 _aSciPost Physics
260 _aNetherlands
260 _bSciPost
650 _a Physics
650 _aScience
856 _uhttps://doaj.org/toc/bd93f82aa7ee4354a00dbac12339a6cc
942 _2ddc
942 _cDOAJEJ
999 _c65993
_d65993
945 _a1
_bMadushi Gamage
_c1
_dMadushi Gamage